000 01401nam0a22002531 4500
001 rc\922464
005 20250622043531.0
035 _a(NLR Aleph) 006096334
090 _a5212138
_c5212138
100 _a20041129d1982 |||y0rusy50 ca
101 0 _arus
102 _aRU
105 _ay |||||||||
200 1 _aЕстественные и искусственные физические факторы в комплексном лечении воспалительных заболеваний
_e(Тез. III респ. науч.-практ. конф. физиотерапевтов и курортологов МССР, 28 мая 1982 г.)
_f[Редкол.: К.Д. Бачу (отв. ред.) и др.]
210 _aКишинев
_cШтиинца
_d1982
215 _a159 с.
_d22
300 _aВ надзаг.: М-во здравоохранения МССР, Кишин. гос. мед. ин-т, Молд. респ. совет по управлению курортами профсоюзов, Респ. науч. о-во физиотерапевтов и курортологов
702 1 _aБачу
_bК.Д.
_4340
712 1 2 _aМолдавская респ. науч.-практ. конф. курортологов и физиотерапевтов
_d3
_f1982
_eКишинев
801 0 _aRU
_bNLR
_gpsbo
801 1 _aRU
_bELAR
_2rusmarc
852 _aNLR
_j82-5/5057
942 _cBOOK
980 _aNB